000 00637nam a2200277Ia 4500
005 20260324133818.0
008 008 260324s9999 xx 000 0 eng d
020 _a9781315134376
037 _aEBOOK
040 _aCRL
040 _beng
040 _cCRL
041 _2eng
041 _aeng
084 _qCRL
100 _aRobert Baensch
_91194489
245 4 _aThe Publishing Industry in China
260 _bTaylor and Francis
260 _c2003
365 _a
365 _b65.99
856 _uhttp://www.taylorfrancis.com/books/9781315134376
942 _cEBOOK
999 _c1793918
_d1793918